LEADER 01047nam0 2200301 450 001 000019916 005 20081125144915.0 010 $a88-408-1071-4 100 $a20081125d2001----km-y0itay50------ba 101 0 $aita 102 $aIT 105 $ay-------001yy 200 1 $a<>impianti convertitori d'energia$fCarmelo Caputo$gcon la collaborazione di C. Arrighetti 210 $aMilano$cCEA$dc2001 215 $av.$cill.$d24 cm 225 2 $aCollana di macchine$fdiretta da Carmelo Caputo 327 1 $aVol. 1: XII, 562 p. : ill. 410 0$12001$aCollana di macchine$fdiretta da Carmelo Caputo 500 10$a<>impianti convertitori d'energia$933598 610 1 $aEnergia elettrica$aConversione 676 $a621.4025$v21$9INGEGNERIA TERMICA. APPARECCHIATURE 700 1$aCaputo,$bCarmelo$07909 702 1$aArrighetti,$bC. 801 0$aIT$bUNIPARTHENOPE$c20081125$gRICA$2UNIMARC 912 $a000019916 951 $aP1 621-I-16$b41024$cPIST$d2008 996 $aImpianti convertitori d'energia$933598 997 $aUNIPARTHENOPE